| 000 | 00568nam a2200217 a 4500 | ||
|---|---|---|---|
| 005 | 20220630135712.0 | ||
| 008 | 070927s1989 mx r 000 0 spa d | ||
| 020 | _a9686071083 | ||
| 020 | _a9688232106 | ||
| 035 | _aUPN01000152410 | ||
| 049 | _aCG | ||
| 050 | 4 |
_aTC160 _bL4.2 |
|
| 100 | 1 | _aLevi, Enzo | |
| 245 | 1 | 3 |
_aEl agua según la ciencia / _cEnzo Levy. |
| 260 |
_aMéxico : _bCONACYT : _bCastell Mexicana, _cc1989. |
||
| 300 |
_a677 p. : _bil. |
||
| 440 | 0 | _aProtagonistas de la ciencia | |
| 650 | 4 | _aHIDROLOGIA | |
| 650 | 0 |
_aAgua _92210 |
|
| 905 | _aLibro | ||
| 999 |
_c124533 _d124533 |
||